Disney . Lettre K - Statistiques

Statistiques générales
  • Ce quiz a été pris 342 fois
  • Le résultat moyen est 10 sur 20
Statistiques - réponses
Question Réponse % Correct
Empereur incas et mégalo Kuzco
91%
Pays où se situe l'action du Roi Lion Kenya
90%
Couleur des petits soldats dans Toy Story Kaki
85%
Espèce animale de petit gourou Kangourou
76%
Aie confiance .... Crois en Moi .... Kaa
74%
Vanellope est spécialiste en course de Kart
74%
Amoureux d'Anna Kristoff
70%
Fille de Simba et Nala Kiara
58%
Ourson accompagné d'un chasseur changé en ours Koda
56%
Leader de la troupe dans Dinosaure Kron
54%
Bras droit un peu bêta d'Yzma Kronk
51%
Fils adoptif de Scar Kovu
44%
Princesse de l'Atlantide Kida
37%
Le roi Fergus en porte un Kilt
36%
Papa singe de Tarzan tué par Clayton Kerchak
26%
Prétendant de Pochantas, bléssé à la poitrine Kocoum
22%
Baby-sitter des indestructibles Kari
15%
Dans Toy Story, voiture télécommandée Karting
15%
Nom du cheval de Mulan Khan
14%
Ours polaire, homme de main de la mafia dans Zootopie Koslov
6%
Aucun quiz correspondant
Distribution des résultats
% des personnes avec chaque résultat
Percentile par nombre de réponses
Votre historique - résultats
Vous n’avez pas pris ce quiz